000 00285nam a22001337a 4500
008 180903b xxu||||| |||| 00| 0 eng d
020 _a9780060891541
041 _aeng
080 _a821
100 _a21
101 _aGJL
245 _aOn Writing Well
_cZinsser, W
942 _2udc
_cBK
999 _c47488
_d47488